LIBRARY & INFORMATION CENTRE, KCAET, TAVANUR

ONLINE PUBLIC ACCESS CATALOGUE (OPAC)

Europe in the fourteenth and fifteenth centuries / (Record no. 6223)

MARC details
000 -LEADER
fixed length control field 00364cam a2200145ua 4500
041 ## - LANGUAGE CODE
Language code of text/sound track or separate title eng
082 ## - DEWEY DECIMAL CLASSIFICATION NUMBER
Classification number 940
Item number HAY/EU
100 ## - MAIN ENTRY--AUTHOR NAME
Personal name Hay, Denis .
245 ## - TITLE STATEMENT
Title Europe in the fourteenth and fifteenth centuries /
260 ## - PUBLICATION, DISTRIBUTION, ETC. (IMPRINT)
Place of publication London :
Name of publisher Longman ,
Year of publication 1968.
300 ## - PHYSICAL DESCRIPTION
Number of Pages 421 ; .
942 ## - ADDED ENTRY ELEMENTS (KOHA)
Koha item type Books
Holdings
Withdrawn status Lost status Damaged status Home library Current library Date acquired Full call number Accession Number Koha item type
Withdrawn     KAUAET KAUAET 07/04/2012 940 12458 Books
free website counter